000 00341nam a22001217a 4500
008 180424b xxu||||| |||| 00| 0 eng d
041 _aeng
080 _a043.3
100 _a0
101 _aSHP-BTH
245 _aPavarësia e Kosovës, Rast SUI GENERIS, apo ushtrim i të drejtës së popujve për vetëvendosje
_cFazliu,S
942 _2udc
_cBK
999 _c45442
_d45442